00000000nam##2200000za#4500
0019.605195
003CaOODSP
00520210624212007
007cr |||||||||||
008150406|2009||||xxc|||||o    f|0| 0 fre|d
040 |aCaOODSP|bfre
043 |an-cn---
0861 |aTU3-5/09-21F-PDF
1102 |aBureau de la sécurité des transports du Canada.
24510|aPerte de maîtrise et collision avec le relief du Cessna 150J, C-GPXN à Courtland (Ontario), le 12 août 2009 |h[ressource électronique]
260 |aGatineau - Québec : |bBureau de la sécurité des transports du Canada |c[2009].
300 |a5p.|bréférences
4901 |aRapport d'enquête aéronautique |vA09O0171
590 |a13-06-Supp|b2013-03-19
77508|tLoss of control and collision with Terrain - Cessna 150J, C-GPXN Courtland, Ontario, 12 August 2009 |w(CaOODSP)9.575733
830#0|aRapport d'enquête aéronautique ;|vA09O0171|w(CaOODSP)9.501229
85640|ahttp://publications.gc.ca|qPDF|s267 Ko|uhttps://publications.gc.ca/collections/collection_2013/bst-tsb/TU3-5-09-21-fra.pdf|yA09O0171